Porté-Puymorens - Choix multiples - Statistiques

Statistiques générales
  • Ce quiz a été pris 12 fois
  • Le résultat moyen est 5 sur 10
Statistiques - réponses
Question Réponse % Correct
Quel cours d'eau prend sa source dans le lac du Passet et donne son nom à une commune voisine de Porté ? Le Carol
67%
Que désigne à l'origine "Puymorens" dans le nom de la commune ? Le col qui la surplombe
67%
Quel nom porte également le château de Puymorens, qui surplombe le village ? Tour cerdane
67%
Quelle est la particularité de la gare ferroviaire de Porté-Puymorens ? Elle est la plus haute à écartement normal de France.
58%
Lequel de ces villages est celui de Porté ?
50%
A quoi le tunnel du Puymorens relie-t-il le village de Porté ? A l'Hospitalet-près-l'Andorre, dans l'Ariège
50%
Comment les habitants de la commune sont-ils appelés ? Les Portéens
42%
Que le territoire de Porté-Puymorens ne borde-t-il pas ? L'Espagne
33%
A quel grand domaine skiable était-il question de rattacher les pistes de la station dans les années 1990 ? A Granvalira (Andorre)
25%
Qu'extraitait-on principalement des mines du Puymorens du Moyen-Age jusqu'aux années 1960 ? Du fer
25%
Aucun quiz correspondant
Distribution des résultats
% des personnes avec chaque résultat
Percentile par nombre de réponses
Votre historique - résultats
Vous n’avez pas pris ce quiz